[Event "EU-chT U18 Girls"]
[Site "Thessaloniki"]
[Date "2022.07.18"]
[Round "7.2"]
[White "Russeva, Viktoria"]
[Black "Alexandri, Vasiliki"]
[Result "1-0"]
[WhiteElo "1866"]
[BlackElo "1527"]
[PlyCount "115"]
[EventDate "2022.07.12"]
[EventType "team-swiss"]
[EventRounds "7"]
[EventCountry "GRE"]
[SourceTitle "EXT 2023"]
[Source "ChessBase"]
[SourceDate "2022.10.05"]
[SourceVersion "1"]
[SourceVersionDate "2022.10.05"]
[SourceQuality "1"]
[WhiteTeam "Ukraine U18"]
[BlackTeam "Greece Sykies U18"]
[WhiteTeamCountry "UKR"]
[BlackTeamCountry "GRE"]

1. e4 e5 2. Nf3 Nc6 3. d4 exd4 4. Nxd4 Nf6 5. Nxc6 bxc6 6. e5 Nd5 7. c4 Nb6 8. Bd3 Qe7 9. 0-0 g6 10. Nc3 Bg7 11. Bf4 0-0 12. Re1 Ba6 13. c5 Bxd3 14. cxb6 Bf5 15. bxc7 Rac8 16. e6 fxe6 17. Bd6 Qf7 18. Bxf8 Bxf8 19. Ne4 d5 20. Ng3 Rxc7 21. Nxf5 exf5 22. Rc1 c5 23. Re5 Rd7 24. Qe2 d4 25. b3 Kg7 26. Qd3 Bd6 27. Re2 Re7 28. Rce1 Rxe2 29. Rxe2 Qd5 30. Qc4 Qxc4 31. bxc4 Kf6 32. Kf1 Bc7 33. Re8 Ba5 34. Ra8 Bb6 35. Ke2 Ke5 36. g3 h5 37. a4 Kf6 38. Rc8 Ke6 39. Kd3 Kf6 40. f4 Ke6 41. Rc6+ Kf7 42. a5 Bxa5 43. Rxc5 Bb6 44. Rb5 Ke6 45. c5 Bd8 46. Kxd4 a5 47. Rb8 Kd7 48. Kd5 Bc7 49. Ra8 Bd8 50. Ra6 g5 51. fxg5 Bxg5 52. Rxa5 f4 53. gxf4 Bxf4 54. h3 h4 55. Ra7+ Kd8 56. Kc6 Bg3 57. Rh7 Ke8 58. Kb7 1-0

[Event "EU-chT U18 Girls"]
[Site "Thessaloniki"]
[Date "2022.07.12"]
[Round "1.2"]
[White "Marcinczyk, Monika"]
[Black "Russeva, Viktoria"]
[Result "1-0"]
[WhiteElo "1991"]
[BlackElo "1866"]
[PlyCount "121"]
[EventDate "2022.07.12"]
[EventType "team-swiss"]
[EventRounds "7"]
[EventCountry "GRE"]
[SourceTitle "EXT 2023"]
[Source "ChessBase"]
[SourceDate "2022.10.05"]
[SourceVersion "1"]
[SourceVersionDate "2022.10.05"]
[SourceQuality "1"]
[WhiteTeam "Poland U18"]
[BlackTeam "Ukraine U18"]
[WhiteTeamCountry "POL"]
[BlackTeamCountry "UKR"]

1. e4 c5 2. Nf3 d6 3. d4 cxd4 4. Nxd4 Nf6 5. Nc3 a6 6. Be3 e5 7. Nf3 Be7 8. h3 h5 9. Bc4 Nbd7 10. Ng5 0-0 11. a4 Nc5 12. 0-0 Ne6 13. Nxe6 Bxe6 14. Bxe6 fxe6 15. a5 d5 16. exd5 exd5 17. Bg5 d4 18. Bxf6 Rxf6 19. Ne4 Rf4 20. Qd3 Qd5 21. Ng3 Qf7 22. Ne2 Rf5 23. Qe4 Rf8 24. f3 Bg5 25. Kh1 Re8 26. Ra3 Rf6 27. Rb3 Re7 28. Rd3 Rc6 29. c3 Be3 30. Ng3 g6 31. Rfd1 Rf6 32. Rxe3 dxe3 33. Qxe3 Rc6 34. Qg5 Qf6 35. Qd2 Rc8 36. Ne4 Qf8 37. Qg5 Rc6 38. Rd5 Kg7 39. Rxe5 Rxe5 40. Qxe5+ Kg8 41. b4 Qd8 42. c4 Qc7 43. Qd5+ Qf7 44. Qd8+ Kg7 45. Qd4+ Kg8 46. Nc5 Qe7 47. Qd5+ Kg7 48. Kh2 Qc7+ 49. Kg1 Qe7 50. Kf1 Kh6 51. Qe4 Qxe4 52. fxe4 Kg5 53. Kf2 Kf4 54. g3+ Ke5 55. Ke3 b6 56. axb6 Kd6 57. e5+ Ke7 58. b7 Rb6 59. Nxa6 Rxb7 60. b5 Rb6 61. Ke4 1-0

[Event "EU-ch Hybrid U16 Girls"]
[Site "Tornelo INT"]
[Date "2021.10.15"]
[Round "4"]
[White "Lomaia, Diana"]
[Black "Russeva, Viktoria"]
[Result "1/2-1/2"]
[WhiteElo "2111"]
[BlackElo "1713"]
[PlyCount "91"]
[EventDate "2021.10.15"]
[EventType "swiss"]
[EventRounds "9"]
[EventCountry "NET"]
[SourceTitle "EXT 2023"]
[Source "ChessBase"]
[SourceDate "2022.10.05"]
[SourceVersion "1"]
[SourceVersionDate "2022.10.05"]
[SourceQuality "1"]
[WhiteTeam "Georgia"]
[BlackTeam "Ukraine"]
[WhiteTeamCountry "GEO"]
[BlackTeamCountry "UKR"]

1. d4 d5 2. c4 e6 3. Nc3 Nf6 4. cxd5 exd5 5. Bg5 Be7 6. e3 c6 7. Bd3 0-0 8. Nge2 Nbd7 9. Qc2 Re8 10. 0-0 Ne4 11. Bxe7 Qxe7 12. Bxe4 dxe4 13. Rab1 Nb6 14. Nf4 Bf5 15. a4 Rac8 16. b4 Nd5 17. Ncxd5 cxd5 18. Qb3 Be6 19. Rbc1 Qd7 20. b5 b6 21. Qb2 h6 22. h3 Qd6 23. Rfd1 Kh7 24. Kh1 Red8 25. Ne2 Re8 26. Nf4 Red8 27. Nxe6 fxe6 28. Qe2 Rc7 29. Rxc7 Qxc7 30. Qg4 Qf7 31. f3 exf3 32. gxf3 Rc8 33. e4 Rc3 34. Rf1 dxe4 35. Qxe4+ Qg6 36. Qe5 Qd3 37. Rf2 Rc1+ 38. Kh2 Qg6 39. Rg2 Rc2 40. Rxc2 Qxc2+ 41. Kg3 Qxa4 42. Qe4+ Kh8 43. Qa8+ Kh7 44. Qe4+ Kh8 45. Qa8+ Kh7 46. Qe4+ 1/2-1/2

[Event "EU-ch Hybrid U16 Girls"]
[Site "Tornelo INT"]
[Date "2021.10.15"]
[Round "1"]
[White "Russeva, Viktoria"]
[Black "Zvereva, Margarita"]
[Result "0-1"]
[WhiteElo "1713"]
[BlackElo "2013"]
[PlyCount "110"]
[EventDate "2021.10.15"]
[EventType "swiss"]
[EventRounds "9"]
[EventCountry "NET"]
[SourceTitle "EXT 2023"]
[Source "ChessBase"]
[SourceDate "2022.10.05"]
[SourceVersion "1"]
[SourceVersionDate "2022.10.05"]
[SourceQuality "1"]
[WhiteTeam "Ukraine"]
[BlackTeam "Russia"]
[WhiteTeamCountry "UKR"]
[BlackTeamCountry "RUS"]

1. e4 c5 2. c3 d5 3. exd5 Qxd5 4. d4 Nf6 5. Nf3 Bg4 6. Be2 e6 7. Na3 a6 8. Nc2 cxd4 9. Ncxd4 Bc5 10. 0-0 0-0 11. Qc2 e5 12. Nb3 e4 13. Nfd4 Bxe2 14. Qxe2 Bb6 15. Bf4 Nc6 16. Nxc6 Qxc6 17. Rad1 Rad8 18. Bg5 h6 19. Be3 Nd5 20. Bxb6 Nxb6 21. Nd4 Qg6 22. f3 Rfe8 23. fxe4 Rxe4 24. Qf3 Rde8 25. Nf5 Nc4 26. b3 Ne3 27. Nxe3 Rxe3 28. Qxb7 Rxc3 29. Rd6 Qxd6 30. Qxf7+ Kh7 31. Qxe8 Qd4+ 32. Kh1 Rc2 33. a4 Qd5 34. Rg1 Rb2 35. Qc8 a5 36. h3 Rxb3 37. Qc2+ Qd3 38. Qxd3+ Rxd3 39. Rc1 Rd4 40. Ra1 Kg6 41. Kg1 Kf5 42. Kf2 Ke4 43. Ke2 Rb4 44. Ra2 Kd4 45. Rd2+ Kc3 46. Rd7 Rxa4 47. Rxg7 Rb4 48. Rc7+ Kb2 49. g4 a4 50. Kf3 a3 51. Re7 a2 52. Re2+ Ka3 53. Rxa2+ Kxa2 54. h4 Kb3 55. g5 Rxh4 0-1

[Event "Bicaz City Cup"]
[Site "Bicaz"]
[Date "2020.03.06"]
[Round "3"]
[White "Russeva, Viktoria"]
[Black "Telea, Stefan"]
[Result "0-1"]
[WhiteElo "1550"]
[BlackElo "2006"]
[PlyCount "106"]
[EventDate "2020.03.05"]
[EventType "swiss"]
[EventRounds "7"]
[EventCountry "ROU"]
[SourceTitle "CBM 195 Extra"]
[Source "ChessBase"]
[SourceDate "2020.05.31"]
[SourceVersion "1"]
[SourceVersionDate "2020.05.31"]
[SourceQuality "1"]

1. e4 d5 2. exd5 Qxd5 3. Nc3 Qa5 4. d4 Nf6 5. Bc4 Bg4 6. f3 Bh5 7. Bf4 Nc6 8. Bb5 0-0-0 9. Bxc6 bxc6 10. Bd2 Rxd4 11. Nge2 Rd7 12. 0-0 e6 13. Qc1 Bc5+ 14. Be3 Bxe3+ 15. Qxe3 Qb6 16. Qxb6 cxb6 17. Rad1 Rhd8 18. Nf4 Rd2 19. Rxd2 Rxd2 20. Rf2 Rd4 21. Nxh5 Nxh5 22. a3 Nf4 23. Kf1 e5 24. g3 Nd5 25. Nxd5 cxd5 26. Ke1 Kd7 27. b3 b5 28. Ke2 b4 29. a4 a5 30. Rf1 Kd6 31. Ke3 g5 32. Ke2 f5 33. h3 Ke6 34. Rg1 h5 35. Rc1 f4 36. gxf4 Rxf4 37. c3 bxc3 38. Rxc3 Rb4 39. Rc6+ Kf5 40. Rc5 d4 41. Rxa5 Rxb3 42. Ra8 Kf4 43. Rf8+ Kg3 44. Rf5 Re3+ 45. Kd2 g4 46. hxg4 hxg4 47. fxg4 Kxg4 48. Rf8 Ra3 49. Ra8 Kf4 50. a5 Ke4 51. a6 Ra2+ 52. Kd1 d3 53. a7 Ke3 0-1